000 01634nam0a22003371 4500
001 v19\rc\1847283
005 20251118180101.0
035 _a(NLR Aleph) 004943476
090 _a5806116
_c5806116
100 _a20080221e19091908|||y0rusy50 ca
101 1 _arus
_cger
102 _aRU
105 _aa j |||||
200 1 _aУчебник ушных болезней для врачей и студентов
_e32 лекции
_e(Prof. Fr. Bezold. Lehrbuch der Ohrenheilkunde für Aerzte und Studierende. Wissbaden. 1906)
_fПроф. Friedrich Bezold, проф. по уш. болезням Мюнх. ун-та
_gПер. с нем. [и предисл.] д-ра мед. Е.Б. Блюменау
210 _aСанкт-Петербург
_cжурн. "Практ. медицина" (В.С. Эттингер)
_d1909
215 _aVIII, 304 с., 75 ил., 1 л. ил.
_d23
311 _aОтт. из журн. "Практич. медицина". 1908 № 2, 4, 6, 8, 10-12
454 0 _12001#$aLehrbuch der Ohrenheilkunde für Aerzte und Studierende$fProf. Fr. Bezold
_1210##$aWissbaden$d1906
_1700#1$aBezold$bFr.
488 0 _12001#$aПрактическая медицина$v1908, № 2, 4, 6, 8, 10-12
700 1 _aБецольд
_bФ.
_f1842-1908
_gФридрих
702 1 _aБлюменау
_bЕ. Б.
_f1860-
_gЕвгений Борисович
_4730
_4080
801 0 _aRU
_bNLR
_gpsbo
801 0 _aRU
_bRuMoRGB
_2psbo
801 1 _aRU
_bProSoft-M
_2rusmarc
852 _aNLR
_j33-5/637
899 _aRuMoRGB
_jT 98/162
899 _aRuMoRGB
_jU 331/271
899 _aRuMoRGB
_jU 387/155
899 _aБАН
942 _cBOOK
980 _aNB